Adaptive PHY-MAC Design for Broadband Wireless Systems /

The next generation mobile communication networks (4G) have the challenging target of The next generation mobile communication networks (4G) have the challenging target of providing a peak data rate of 1 Gigabit per second local area and 100 Megabit per second wide area. The ability to offer such hi...

Full description

Bibliographic Details
Main Author: Prasad, Ramjee
Corporate Author: Taylor & Francis
Format: eBook
Language:English
Published: Aalborg, Denmark : River Publishers, 2010.
Series:River Publishers series in communications ; vol. 10.
Subjects:
Online Access:Connect to the full text of this electronic book

MARC

Tag First Indicator Second Indicator Subfields
LEADER 00000cam a22000007i 4500
001 in00005526708
006 m o d
007 cr cnu---unuuu
008 221010s2010 dk a o 000 0 eng d
005 20241108170112.1
035 |a (OCoLC)on1347185623 
040 |a TYFRS  |b eng  |e rda  |e pn  |c TYFRS  |d TYFRS  |d UKAHL  |d YDX  |d EBLCP  |d OCLCO  |d OCLCL 
019 |a 1355218446 
020 |a 9781003336969  |q (electronic bk.) 
020 |a 1003336965  |q (electronic bk.) 
020 |a 9781000792300  |q (electronic bk. : EPUB) 
020 |a 1000792307  |q (electronic bk. : EPUB) 
020 |a 9781000795622  |q (electronic bk. : PDF) 
020 |a 1000795624  |q (electronic bk. : PDF) 
020 |z 9788792329080 
020 |z 879232908X 
024 7 |a 10.1201/9781003336969  |2 doi 
035 |a (OCoLC)1347185623  |z (OCoLC)1355218446 
037 |a 9781003336969  |b Taylor & Francis 
050 4 |a TK5103.2  |b Sin 2010eb 
072 7 |a SCI  |x 024000  |2 bisacsh 
072 7 |a TEC  |x 041000  |2 bisacsh 
072 7 |a TEC  |x 061000  |2 bisacsh 
072 7 |a TJK  |2 bicssc 
082 0 4 |a 621.384  |2 23 
049 |a TXAM 
100 1 |a Prasad, Ramjee. 
245 1 0 |a Adaptive PHY-MAC Design for Broadband Wireless Systems /  |c Ramjee Prasad. 
264 1 |a Aalborg, Denmark :  |b River Publishers,  |c 2010. 
300 |a 1 online resource (xl, 473 pages) :  |b illustrations. 
336 |a text  |b txt  |2 rdacontent 
337 |a computer  |b c  |2 rdamedia 
338 |a online resource  |b cr  |2 rdacarrier 
490 1 |a River publishers series in communications ;  |v vol. 10 
520 |a The next generation mobile communication networks (4G) have the challenging target of The next generation mobile communication networks (4G) have the challenging target of providing a peak data rate of 1 Gigabit per second local area and 100 Megabit per second wide area. The ability to offer such high data rates in 100MHz bandwidth requires overall a very high spectral efficiency, and hence the need for multi-antenna techniques (MIMO) with spatial multiplexing, fast dynamic link adaptation and packet scheduling, wideband access techniques, and most likely non-contention based spectrum sharing among multiple operators. Many of these required technology components and techniques are well researched and established. Adaptive PHY-MAC Design for Broadband Wireless Systems explains how one can integrate and optimise their use in providing the target cell data rates with high availability. The authors address the ability to cope with interference and enhanced physical layer processing, and simultaneously, the multifaceted system level design. Focus is also on the selection of technology components and techniques, which leads to the highest spectral efficiency and peak data rate availability with reasonable Quality of Service (QoS) support, such as improved outage scenario, reduced delay, guaranteed bit rate, etc.In short, this book will answer questions such as, how individual techniques relate to each other, how can we benefit the gains by suitable combinations of different technologies and how to choose different technological solutions in different scenarios, etc.The next generation mobile communication networks (4G) have the challenging target of The next generation mobile communication networks (4G) have the challenging target of providing a peak data rate of 1 Gigabit per second local area and 100 Megabit per second wide area. 
545 0 |a Ramjee Prasad, Suvra Sekhar Das, Muhammad Imadur Rahman 
588 0 |a Print version record. 
650 0 |a Wireless communication systems. 
650 6 |a Transmission sans fil. 
650 7 |a SCIENCE / Energy  |2 bisacsh 
650 7 |a TECHNOLOGY / Telecommunications  |2 bisacsh 
650 7 |a Wireless communication systems  |2 fast 
655 7 |a Electronic books.  |2 local 
710 2 |a Taylor & Francis. 
758 |i has work:  |a Adaptive Phy-Mac Design for Broadband Wireless Systems (Online) (Text)  |1 https://id.oclc.org/worldcat/entity/E39PCYQY66Cvy7cphGVKvxvDYP  |4 https://id.oclc.org/worldcat/ontology/hasWork 
776 0 8 |i Print version:  |a Prasad, Ramjee.  |t Adaptive PHY-MAC Design for Broadband Wireless Systems.  |d Aalborg, Denmark : River Publishers, 2010  |z 9788792329080  |w (OCoLC)664322019 
830 0 |a River Publishers series in communications ;  |v vol. 10. 
856 4 0 |u http://proxy.library.tamu.edu/login?url=https://www.taylorfrancis.com/books/9781003336969  |z Connect to the full text of this electronic book  |t 0 
955 |a Taylor and Francis ENGnetBASE 
994 |a 92  |b TXA 
999 f f |s 142ecb53-600b-4e1b-9c40-a36dfeaef843  |i bd43db09-462f-421d-98e3-e74479d0d5a5  |t 0 
952 f f |a Texas A&M University  |b College Station  |c Electronic Resources  |d Available Online  |t 0  |e TK5103.2 Sin 2010eb  |h Library of Congress classification 
998 f f |a TK5103.2 Sin 2010eb  |t 0  |l Available Online